• 首页
  • 本馆介绍
  • 公告通知
  • 最新文献
  • 馆藏检索
  • 电子资源
  • 读者导购
  • 参考咨询
  • 我的图书馆
  • 登录
  • 详细信息显示
  • 放入我的书架
  • 预约/预借图书
  • 作者相关作品
  • 分类相关作品
  • 丛书相关作品
  • 出版社相关作品

书目信息

  • 表格格式
  • 工作单格式
  • 卡片格式
题名:
考研日语绿宝书
    
 
作者: 肖博涵 著
分册:  
出版信息: 北京   世界图书出版有限公司北京分公司  2017.07
页数: 235页
开本: 26cm
丛书名:
单 册:
中图分类: H360.421
科图分类:
主题词: 日语--研究生--入学考试--升学参考资料
电子资源:
ISBN: 978-7-5192-3096-8
000 00936nam0 2200229 450
001 0102100423
005 20210402100821.0
010    @a978-7-5192-3096-8@dCNY55.00
100    @a20181129e20202017em y0chiy50 ea
101 0  @achi@ajpn
102    @aCN@b110000
105    @ay z 000yy
106    @ar
200 1  @a考研日语绿宝书@Akao yan ri yu lü bao shu@e基础知识及阅读理解专项@f肖博涵著
210    @a北京@c世界图书出版有限公司北京分公司@d2017.07@h2020.01
215    @a235页@d26cm
330    @a本书是专门针对全国硕士研究生招生考试日语基础知识及阅读理解的专项练习用书,是明王道日语学院组织编写的经典教材。全书共分十三个模块,帮助考生逐一夯实各项基础知识,掌握各类问题的针对性解答方法。书中所有例题均附有解析、重点词汇及惯用型,便于考生精读、整理。
606 0  @a日语@x研究生@x入学考试@j升学参考资料
690    @aH360.421@v5
701  0 @a肖博涵@Axiao bo han@4著
801  0 @aCN@bBJSZM@c20210402
905    @b1276265-9@dH360.421@e689@f5
    
    考研日语绿宝书:基础知识及阅读理解专项/肖博涵著.-北京:世界图书出版有限公司北京分公司,2017.07(2020.01)
    235页;26cm
    
    
    ISBN 978-7-5192-3096-8:CNY55.00
    本书是专门针对全国硕士研究生招生考试日语基础知识及阅读理解的专项练习用书,是明王道日语学院组织编写的经典教材。全书共分十三个模块,帮助考生逐一夯实各项基础知识,掌握各类问题的针对性解答方法。书中所有例题均附有解析、重点词汇及惯用型,便于考生精读、整理。
●
相关链接 在E读中查询图书 在五车中查询图书 在当当中查询图书 在豆瓣中查询图书


正题名:考研日语绿宝书     索取号:H360.421/689         预约/预借

序号 登录号 条形码 馆藏地/架位号 状态 备注
1 1276265   212762651   第二样本阅览室/ [索取号:H360.421/689] 在馆    
2 1276266   212762660   教育系资料室/ [索取号:H360.421/689] 在馆    
3 1276267   212762679   教育系资料室/ [索取号:H360.421/689] 在馆    
4 1276268   212762688   第四借阅区/ [索取号:H360.421/689] 在馆    
5 1276269   212762697   第四借阅区/ [索取号:H360.421/689] 在馆    
唐山师范学院图书馆 欢迎您!
大连网信软件有限公司© 版权所有